Matar al huésped : (Record no. 190439)

MARC details
000 -LEADER
campo de control de longitud fija 01008nam a2200277 c 4500
001 - NÚMERO DE CONTROL
campo de control 190439
003 - IDENTIFICADOR DE NÚMERO DE CONTROL
campo de control ES-MaACL
005 - FECHA Y HORA DE LA ÚLTIMA TRANSACCIÓN
campo de control 20240111111125.0
008 - DATOS DE LONGITUD FIJA--INFORMACIÓN GENERAL
campo de control de longitud fija 210330s2018 sp 001 0 spa
020 ## - NÚMERO INTERNACIONAL ESTÁNDAR DEL LIBRO
Número Internacional Estándar del Libro 978-84-948086-4-7
080 ## - NÚMERO DE LA CLASIFICACIÓN DECIMAL UNIVERSAL
Número de la Clasificación Decimal Universal 336.761
080 ## - NÚMERO DE LA CLASIFICACIÓN DECIMAL UNIVERSAL
Número de la Clasificación Decimal Universal 658:336.63
100 1# - ENTRADA PRINCIPAL--NOMBRE DE PERSONA
Nombre de persona Hudson, Michael.
9 (RLIN) 64520
245 10 - MENCIÓN DEL TÍTULO
Título Matar al huésped :
Resto del título cómo la deuda y los parásitos financieros destruyen la economía global /
Mención de responsabilidad, etc. Michael Hudson ; [traducción, Álvaro G. Ormaechea].
260 ## - PUBLICACIÓN, DISTRIBUCIÓN, ETC.
Lugar de publicación, distribución, etc. Madrid :
Nombre del editor, distribuidor, etc. Capitán Swing,
Fecha de publicación, distribución, etc. [2018]
300 ## - DESCRIPCIÓN FÍSICA
Extensión 653 p. :
Otras características físicas gráf. ;
Dimensiones 22 cm.
504 ## - NOTA DE BIBLIOGRAFÍA, ETC.
Nota de bibliografía, etc. Referencias bibliográficas.
650 ## - PUNTO DE ACCESO ADICIONAL DE MATERIA--TÉRMINO DE MATERIA
Término de materia o nombre geográfico como elemento de entrada Bolsas de valores.
9 (RLIN) 10603
650 #7 - PUNTO DE ACCESO ADICIONAL DE MATERIA--TÉRMINO DE MATERIA
Término de materia o nombre geográfico como elemento de entrada Capitalistas y financieros.
9 (RLIN) 171140
700 1# - ENTRADA AGREGADA--NOMBRE PERSONAL
Nombre de persona Ormaechea, Álvaro G.
9 (RLIN) 171141
852 4# - LOCALIZACIÓN
Ubicación ES-MaACL
Número de control de estantería A-14640
itemnumber 197616
Sublocalización o colección R.152398
Ubicación en estantería Depósito 1
Signatura antigua Olim: N-7640
Donativo/Legado Donación: José Lázaro
903 ## - NOMBRE PERSONAL DE DONANTE
9 234219
a Lázaro García, José
e Donante
942 ## - ELEMENTOS DE ENTRADA SECUNDARIOS (KOHA)
Fuente del sistema de clasificación o colocación Clasificación decimal universal
Tipo de ítem Koha Libro impreso
Holdings
Estatus retirado Estado de pérdida Fuente del sistema de clasificación o colocación Estado de daño No para préstamo Biblioteca de origen Biblioteca actual Ubicación en estantería Fecha de adquisición Fuente de adquisición Total de préstamos Signatura topográfica completa Código de barras Visto por última vez Precio de reemplazo Tipo de ítem Koha
    Clasificación decimal universal     Biblioteca del Ateneo de Madrid Biblioteca del Ateneo de Madrid Depósito 1 30/03/2021 Donación   A-14640 1202462 23/02/2023 23/02/2023 Libro impreso